Statistiques concernant Culture Générale - Série 2441

Cliquez ici pour prendre le quiz!

Statistiques générales

  • Ce quiz a été pris 144 fois
  • Le résultat moyen est 6 sur 10

Statistiques - réponses

QuestionRéponse% Correct
Quelle est la racine carrée de 144 ?12
88%
Dans le parc de quel château peut-on visiter le Grand Trianon ?Versailles
86%
Quelle race de chiens à poil ras tient son nom d'une ville mexicaine ?chihuahua
73%
Dans quelle ville française se trouve la gare Saint-Jean ?Bordeaux
72%
De quel pays Ahmed Ben Bella fut-il le premier Président entre 1963 et 1965 ?Algérie
67%
Verbe familier et régional signifiant "agiter, remuer, mêler" pour la salade par exemple - 8 lettres commençant par " t "touiller
58%
Quelle est la capitale de l'état Massachusetts des Etats Unis ?Boston
49%
Quelle est la monnaie officielle de la Bulgarie ?lev
38%
Quel nom d'animal désigne aussi un portemanteau ? voir photoperroquet
28%
Quel fut le dernier premier ministre socialiste de François Mitterand ? prénom et nomPierre Bérégovoy
24%

Distribution des résultats

Percentile par nombre de réponses

% des personnes avec chaque résultat

Votre développement - résultats

Vous n’avez pas pris ce quiz